तथागतः (Record no. 14182)

MARC details
000 -LEADER
fixed length control field 01142nam a22002657a 4500
005 - DATE AND TIME OF LATEST TRANSACTION
control field 20080702120012.0
008 - FIXED-LENGTH DATA ELEMENTS--GENERAL INFORMATION
fixed length control field 080702t xxu||||| |||| 00| f hin d
010 ## - LIBRARY OF CONGRESS CONTROL NUMBER
LC control number HIN-83720
020 ## - INTERNATIONAL STANDARD BOOK NUMBER
Terms of availability 250.00
International Standard Book Number 8171452280
035 ## - SYSTEM CONTROL NUMBER
System control number HN-56066
037 ## - SOURCE OF ACQUISITION
Source of stock number/acquisition DBAD / PUB
040 ## - CATALOGING SOURCE
Original cataloging agency DPL
Language of cataloging HN
082 ## - DEWEY DECIMAL CLASSIFICATION NUMBER
Classification number
100 ## - MAIN ENTRY--PERSONAL NAME
Personal name चतुर्भुज
245 ## - TITLE STATEMENT
Title तथागतः
Statement of responsibility, etc चतुर्भुज
246 ## - VARYING FORM OF TITLE
Title proper/short title Tathagat
Remainder of title by Chaturbhuj
260 ## - PUBLICATION, DISTRIBUTION, ETC. (IMPRINT)
Place of publication, distribution, etc दिल्ली
Name of publisher, distributor, etc सन्मार्ग प्रकाशन
Date of publication, distribution, etc 2005
270 ## - ADDRESS
Address 16, यू.बी., बैग्लों रोड, जवाहर नगर
City दिल्ली
Postal code 110007
300 ## - PHYSICAL DESCRIPTION
Extent 248पृ
Dimensions 22सेमी(सजिल्द)
500 ## - GENERAL NOTE
General note ऐतिहासिक उपन्यास
650 ## - SUBJECT ADDED ENTRY--TOPICAL TERM
Topical term or geographic name as entry element हिन्दी उपन्यास
650 ## - SUBJECT ADDED ENTRY--TOPICAL TERM
Topical term or geographic name as entry element Hindi Novels
942 ## - ADDED ENTRY ELEMENTS (KOHA)
Koha item type Hindi Books
Source of classification or shelving scheme Dewey Decimal Classification
Classification part
Call number suffix चतुर्भु
Holdings
Withdrawn status Lost status Damaged status Not for loan Collection code Home library Current library Date acquired Source of acquisition Cost, normal purchase price Total Checkouts Full call number Barcode Date last seen Copy number Cost, replacement price Price effective from Koha item type
      Not For Loan Non-fiction D.B.Act.Division D.B.Act.Division 02/07/2008 पु.प्र.अ.प्र /प्रका 250.00   उ चतुर्भु HN-56066 15/09/2008 1 250.00 15/09/2008 Hindi Books

© Delhi Public Library
Hit Counter
free hit counter